00837 a2200229 4500010001400000020002300014035001300037037001500050082000800065090001500073245014200088260003600230270006200266300002900328500001900357700002100376700001900397700002100416942002300437999001500460952013200475 aENG-88419 a8178241900c795.00 aEN-71952 bDBAD / PUB14a301 c8481d84811 aAnthropology in the east:cedited by Patricia Uberoi, Nandini Sunder and Satish Deshpandebfounders of Indian sociology and anthropology/ aRanikhetbPermanent Blackc2007 a'Himalayana' Mall Road, Ranikhet Cantt,bRanikhete263645 axiv, 550 p.c23cm (Hb ) aIncludes index1 aUberoi, Patricia1 aNandini Sunder1 aDespande, Satish adplcENk301 / ANT c8327d8327 00102ddc40718NFICaDBADbDBADeDBAD/PUBg795.00l0o301 ANTpEN-71952r2008-09-15 00:00:00t1u9242v795.00w2008-09-15yEN